<?xml version="1.0" encoding="UTF-8"?>
<marc:record xmlns:marc="http://www.loc.gov/MARC21/slim">
   <marc:leader>00000nam a2200000 a 4500</marc:leader>
   <marc:datafield ind1="1" ind2=" " tag="100">
      <marc:subfield code="a">Sand, Marie</marc:subfield>
      <marc:subfield code="4">aut</marc:subfield>
      <marc:subfield code="e">Verfasser/-in</marc:subfield>
   </marc:datafield>
   <marc:datafield ind1=" " ind2=" " tag="653">
      <marc:subfield code="a">Historische Romane und Erzählungen</marc:subfield>
   </marc:datafield>
   <marc:datafield ind1=" " ind2=" " tag="653">
      <marc:subfield code="a">Holocaust</marc:subfield>
   </marc:datafield>
   <marc:datafield ind1=" " ind2=" " tag="653">
      <marc:subfield code="a">Rettung</marc:subfield>
   </marc:datafield>
   <marc:datafield ind1=" " ind2=" " tag="653">
      <marc:subfield code="a">Rettung von Juden</marc:subfield>
   </marc:datafield>
   <marc:datafield ind1="0" ind2="0" tag="245">
      <marc:subfield code="a">Ein Kind namens Hoffnung</marc:subfield>
   </marc:datafield>
   <marc:datafield ind1="0" ind2="0" tag="245">
      <marc:subfield code="b">Die Geschichte einer heimlichen Heldin</marc:subfield>
   </marc:datafield>
   <marc:datafield ind1="0" ind2="0" tag="245">
      <marc:subfield code="c">Sand, Marie</marc:subfield>
   </marc:datafield>
   <marc:datafield ind1=" " ind2="1" tag="264">
      <marc:subfield code="a">München</marc:subfield>
      <marc:subfield code="b">Droemer Taschenbuch</marc:subfield>
      <marc:subfield code="c">2022</marc:subfield>
   </marc:datafield>
   <marc:datafield ind1=" " ind2=" " tag="250">
      <marc:subfield code="a">1. Auflage</marc:subfield>
   </marc:datafield>
   <marc:datafield ind1="1" ind2=" " tag="520">
      <marc:subfield code="a">Angaben aus der Verlagsmeldung 

 Ein Kind namens Hoffnung  : Die Geschichte einer heimlichen Heldin  / von Marie Sand


            
Wer einen Menschen rettet, rettet die ganze Welt – Die Geschichte einer Frau, die unter Einsatz ihres eigenen Lebens ein jüdisches Kind vor den Nazis rettet
            
Elly Berger wird 1900 in eine Pfarrersfamilie geboren. Wenn es nach ihrem Vater gegangen wäre, hätte sie studieren sollen, doch Elly hat nur einen großen Traum: Sie will Köchin werden. Es gelingt ihr, in Berlin eine Stellung bei der jüdischen Familie Sternberg zu finden, die ihr fortan ein Zuhause bietet. Vor allem dem kleinen Sohn Leon schenkt sie ihre ganze Liebe.
            
och dann wird die Familie bei den Nazis denunziert und die Eltern verhaftet. Für Elly zählt nur noch eines: Sie muss Leon retten! Sie flieht mit dem Jungen, gibt ihn als ihr eigenes Kind aus und ist von diesem Augenblick an für lange Zeit heimatlos.
            
Ein anrührender und brillant geschriebener Roman, der auf einer wahren Geschichte beruht, und ein Kapitel deutschen Widerstands, das man in keinen Geschichtsbüchern findet
            
 </marc:subfield>
   </marc:datafield>
   <marc:datafield ind1=" " ind2=" " tag="020">
      <marc:subfield code="a">9783426309094</marc:subfield>
      <marc:subfield code="9">9783426309094</marc:subfield>
   </marc:datafield>
   <marc:datafield ind1=" " ind2=" " tag="020">
      <marc:subfield code="a">3426309092</marc:subfield>
      <marc:subfield code="9">3426309092</marc:subfield>
   </marc:datafield>
   <marc:datafield ind1=" " ind2=" " tag="041">
      <marc:subfield code="a">ger</marc:subfield>
   </marc:datafield>
   <marc:datafield ind1=" " ind2=" " tag="338">
      <marc:subfield code="a">Band</marc:subfield>
   </marc:datafield>
   <marc:datafield ind1=" " ind2=" " tag="300">
      <marc:subfield code="a">288 Seiten</marc:subfield>
   </marc:datafield>
</marc:record>
